| 000 | 00420 a2200181 4500 | ||
|---|---|---|---|
| 999 |
_c12293 _d12293 |
||
| 003 | OSt | ||
| 005 | 20231117152344.0 | ||
| 008 | 231117b ||||| |||| 00| 0 eng d | ||
| 020 | _a9780367566814 | ||
| 040 | _aBMSCA | ||
| 041 | _aeng. | ||
| 082 |
_223 _a307.1216 _bSHI |
||
| 100 | _aSHIH-KUNG LAI | ||
| 245 | _aPLANNING WITHIN COMPLEX URBAN SYSTEMS | ||
| 260 |
_bRoutledge _c2022 |
||
| 300 | _a291,p.: | ||
| 942 | _2ddc | ||